Loading...
| Fine Arts - Visual Fine Arts | 0 | 7 | 0 | 0 | 70 | 42 | 74.71 | 3 | 6 |
| Fine Arts - Other Fine Arts | 0 | 6 | 2 | 1 | 50 | 55 | 96.17 | 2 | 4 |
| Fine Arts - Classical Music | 0 | 6 | 3 | 0 | 45 | 13 | 47.83 | 6 | 6 |
| History - Other History | 0 | 5 | 2 | 1 | 40 | 37 | 72.80 | 0 | 2 |
| History - American History | 0 | 4 | 0 | 1 | 40 | 42 | 79.25 | 1 | 4 |
| Mythology | 0 | 3 | 0 | 1 | 30 | 79 | 96.00 | 0 | 1 |
| History - World History | 0 | 2 | 0 | 0 | 20 | 75 | 98.50 | 0 | 1 |
| History - European History | 0 | 2 | 0 | 0 | 20 | 87 | 98.50 | 0 | 0 |
| Literature - American Literature | 0 | 2 | 0 | 0 | 20 | 39 | 89.50 | 1 | 1 |
| Literature - European Literature | 0 | 1 | 0 | 0 | 10 | 49 | 49.00 | 0 | 1 |
| Geography/Current Events | 0 | 1 | 0 | 1 | 10 | 124 | 124.00 | 0 | 0 |
| Philosophy | 0 | 1 | 0 | 0 | 10 | 96 | 96.00 | 0 | 1 |
| Science - Chemistry | 0 | 1 | 1 | 0 | 5 | 78 | 78.00 | 0 | 0 |
| Social Science | 0 | 1 | 1 | 0 | 5 | 61 | 61.00 | 0 | 1 |